000 00542nam a2200217Ia 4500
003 OSt
005 20250417171049.0
008 241129s9999||||xx |||||||||||||| ||und||
020 _a9789354711107
040 _aSDCL
_beng
_cSDCL
041 _aeng
_2eng
084 _aS1 R1 LR
_qSDCL
100 _aPilkey, Dav
_9394822
245 0 _aCat kid comic club 2 : Perspectives
260 _aLondon :
_bScholastic,
_c2021.
300 _a221p.
365 _aINR
_b650
650 _aReference
942 _cGB
_2CC
_n0
999 _c1233956
_d1233956